000 00940cab a2200277 4500
001 ABS49955
008 090401t1994 xxu||||| |||| 00| 0 eng d
035 _a(Sirsi) u73465
041 _aeng
100 _aChynoweth, P.
245 _aMaking a start in church conservation
260 _c1994
350 _a0
490 _aCSM (Chartered Surveyor Monthly)
_v3(4) January 1994, 25(1)
520 _aDiscusses the Church of England`s "Care of churches and ecclesiastical jurisdiction measure" which enables building surveyors for the first time to carry out the quinquennial inspections of parish churches.
650 _aBUILDING CONSERVATION
650 _aCHURCH OF ENGLAND
650 _aCHURCH SURVEYORS
650 _aCHURCHES
650 _aECCLESIASTICAL PROPERTY
650 _aQUINQUENNIAL INSPECTIONS
690 _aBUILT ENVIRONMENT-BUILDING INSPECTION
690 _aCONSERVATION
942 _n0
948 _c04/03/1997
999 _c46436
_d46436